Statistiche per Bandiere di Nazioni con più Bianco

Clicka qui per fare il quiz!

Statistiche generali

  • Questo quiz è stato fatto 5.241 volte
  • Il punteggio medio è 14 su 16

Statistiche sulle risposte

Risposta% Corretto
Cipro
98%
Giappone
97%
Corea del Sud
96%
Israele
96%
Finlandia
95%
Grecia
93%
Polonia
93%
Uruguay
89%
Georgia
87%
Malta
86%
Monaco
84%
Algeria
82%
Indonesia
80%
Panama
79%
Singapore
75%
Afghanistan
64%

Distribuzione punteggi

Percentile per numero di risposta

Percentuale di utenti per punteggio

I tuoi punteggi nel tempo

Non hai fatto questo quiz